| 000 | 01689nam a2200421 i 4500 | ||
|---|---|---|---|
| 001 | DIGUDISTRIT0178 | ||
| 003 | NyNyDIG | ||
| 007 | cr ||||||||||| | ||
| 008 | 240501s2016 ck ob 000 0 spa d | ||
| 006 | m o d | ||
| 035 | _a(OCoLC)1433996627 | ||
| 040 |
_aDGITA _beng _erda _epn _cDGITA |
||
| 020 |
_a9789587875713 _qeBook _qePub |
||
| 020 | _z9789588897783 | ||
| 050 | 1 | 4 | _aLB1050 ebook |
| 100 | 1 |
_aMaldonado García, Miguel Ángel, _eauthor. |
|
| 245 | 1 | 3 |
_aEl concepto de pedagogía de la lectura en la modernidad : _bde la Real Academia al plebeyo Microsoft / _cMiguel Ángel Maldonado García. |
| 250 | _aPrimera edición. | ||
| 264 | 1 |
_aBogotá : _bEditorial UD, _c[2016] |
|
| 300 | _a1 online resource. | ||
| 336 |
_atext _btxt _2rdacontent |
||
| 337 |
_acomputer _bc _2rdamedia |
||
| 338 |
_aonline resource _bcr _2rdacarrier |
||
| 347 |
_atext file _2rdaft |
||
| 347 | _bEPUB | ||
| 490 | 1 | _aDiálogos | |
| 504 | _aIncludes bibliographical references. | ||
| 588 | 0 | _aOnline resource; title from ePub title page (Digitalia, viewed May 1, 2024) | |
| 650 | 0 | _aReading. | |
| 650 | 0 | _aBooks and reading. | |
| 791 | 2 |
_aDigitalia (Firm), _edistributor. |
|
| 793 | 0 |
_gDigitalia eBook Collection: _aUniversidad Distrital Francisco José de Caldas |
|
| 776 | 0 | 8 |
_iPrint version: _aMaldonado García, Miguel Ángel. _tEl concepto de pedagogía de la lectura en la modernidad. _bPrimera edición. _dBogotá : Editorial UD, [2016] _z9789588897783 |
| 830 | 0 | _aDiálogos (Universidad Distrital "Francisco José de Caldas") | |
| 856 | 4 | 0 |
_3Digitalia Hispánica _uhttps://www.digitaliapublishing.com/a/135752/ |
| 910 | _aPremium collection: 2024 | ||
| 942 | _cRAA | ||
| 999 |
_c283399 _d283399 |
||